| 000 | 00656nam a22001937a 4500 | ||
|---|---|---|---|
| 999 |
_c18120 _d18120 |
||
| 003 | AR-CdUCM | ||
| 008 | 190511b ||||| |||| 00| 0 spa d | ||
| 040 |
_aMUNICIPALIDAD PROVINCIAL DEL CUSCO _cBIBLIOTECA MUNICIPAL DEL CUSCO |
||
| 082 |
_a523.1 / _bW62 |
||
| 100 |
_aWhitrow, G. J. _938523 |
||
| 245 |
_aLa estructura del universo : _bIntroducción a la cosmología / |
||
| 260 |
_aMéxico : _bFondo de cultura económica, _c1956. |
||
| 300 |
_a215 páginas ; _c17 cm. |
||
| 440 |
_aBrevarios del fondo de cultura económica. _n61. _938524 |
||
| 650 |
_aUniverso. _918615 |
||
| 650 |
_aGalaxia. _929805 |
||
| 942 |
_2ddc _cLIBROS |
||
| 945 |
_arum _d2019-05-11 |
||